Fauvismus /

Hlavní autor: Spurný, Jan, 1909-1988
Jazyk: Čeština
Vydáno: Praha : Nakladatelství československých výtvarných umělců, 1966
Vydání: 1. vyd.
Edice: --ismy (Nakladatelství československých výtvarných umělců)
Témata:
Fyzický popis: 35, 48, 28 s., obr. příl. : il.
Knihy
Uloženo v:
LEADER 00974nam a22002772a 4500
001 000153846
003 CZ BrMZK
005 20131107105150.0
007 ta
008 970107s1966 xr a f cze d
015 |a cnb000160579 
035 |a (OCoLC)42174424 
040 |a BOA001  |b cze 
100 1 |a Spurný, Jan,  |d 1909-1988  |7 jz8600965  |4 aut 
245 1 0 |a Fauvismus /  |c Jan Spurný 
250 |a 1. vyd. 
260 |a Praha :  |b Nakladatelství československých výtvarných umělců,  |c 1966 
300 |a 35, 48, 28 s., obr. příl. :  |b il. 
490 1 |a --ismy ;  |v sv. 3 
830 0 |a --ismy (Nakladatelství československých výtvarných umělců) 
910 |a BOA001  |b PK-0045.368  |b 2-0572.481 
920 |a 000115890 
964 |a Fauvismus - publikace obrazové 
990 |a BK 
996 6 |b 2619968389  |c 2-0572.481  |l HP2  |r DEN  |n 6  |w 000153846  |u 000020  |a 1  |e BOA001  |j MZK50  |s P 
996 7 |b 3119951449  |c PK-0045.368  |l MZK  |r Sklad / do 1 hodiny  |n 21  |w 000153846  |u 000010  |a 1  |e BOA001  |j MZK50  |s A